Natural stone masonry in modern Scottish construction (Record no. 109215)

MARC details
000 -LEADER
fixed length control field 02113cad a22002895a 4500
001 - CONTROL NUMBER
control field E146541
008 - FIXED-LENGTH DATA ELEMENTS--GENERAL INFORMATION
fixed length control field 090202s2008 xxkao f 000 0 eng d
020 ## - INTERNATIONAL STANDARD BOOK NUMBER
International Standard Book Number 9780956102904
035 ## - SYSTEM CONTROL NUMBER
System control number (Sirsi) u146541
041 0# - LANGUAGE CODE
Language code of text/sound track or separate title eng
050 04 - LIBRARY OF CONGRESS CALL NUMBER
Classification number 693.1 $2 18
100 1# - MAIN ENTRY--PERSONAL NAME
Personal name Urquhart, Dennis
245 00 - TITLE STATEMENT
Title Natural stone masonry in modern Scottish construction
Remainder of title a guide for designers and constructors
Medium [electronic resource]
260 ## - PUBLICATION, DISTRIBUTION, ETC.
Place of publication, distribution, etc. Charlestown
Name of publisher, distributor, etc. SSLG
Date of publication, distribution, etc. 2008
300 ## - PHYSICAL DESCRIPTION
Extent 126p.
Other physical details col. ill.
Dimensions 30cm.
505 2# - FORMATTED CONTENTS NOTE
Formatted contents note Executive summary -- Introduction: backgrouns; aim and scope; overview of relevant British Standards and legislation -- Types and properties of stone: introduction; performance of stone in use -- Selection of stone: introduction; factors influencing stone selection -- Soiling of facades: general; influence of stone types; soiling patterns; other soiling and staining; guidelines -- Walling types: choice of walling type; traditional walls; stone walling systems for modern construction -- Design and detail: moisture and dampness control; structure; summary of moisture and structural design details -- Mortars: principles of mortars; characteristics of mortars; types of mortars; selection of mortar; precautions at joints -- Case studies: case study 1, Kepplestone Development, Aberdeen; case study 2, Scene Field Centre, Rowardennan; case study 3, St Vincent Place, Edinburgh -- Bibliography -- Annexes
520 ## - SUMMARY, ETC.
Summary, etc. Offers guidance on the use of stone in new building projects to those unfamiliar with its use. Includes a section on selecting the right type of stone for the project, and provides diagrams of walling systems, including ashlar and rubble. Also includes case studies.
521 ## - TARGET AUDIENCE NOTE
Target audience note Advanced
590 ## - LOCAL NOTE (RLIN)
Local note KA
651 #4 - SUBJECT ADDED ENTRY--GEOGRAPHIC NAME
Geographic name Scotland
Chronological subdivision 1999-
690 ## - LOCAL SUBJECT ADDED ENTRY--TOPICAL TERM (OCLC, RLIN)
Topical term or geographic name as entry element BUILT ENVIRONMENT-BUILDING MATERIALS-STONE
700 1# - ADDED ENTRY--PERSONAL NAME
Personal name Artis-Young, Roz
710 1# - ADDED ENTRY--CORPORATE NAME
Corporate name or jurisdiction name as entry element Scottish Stone Liaison Group
9 (RLIN) 5021
710 1# - ADDED ENTRY--CORPORATE NAME
Corporate name or jurisdiction name as entry element Scotland
Subordinate unit Scottish Government
9 (RLIN) 5344
856 40 - ELECTRONIC LOCATION AND ACCESS
Uniform Resource Identifier <a href="https://www.scotland.gov.uk/Resource/Doc/217736/0093791.pdf">https://www.scotland.gov.uk/Resource/Doc/217736/0093791.pdf</a>
Public note View the report free of charge at www.scotland.gov.uk
942 ## - ADDED ENTRY ELEMENTS (KOHA)
Suppress in OPAC 0
Holdings
Withdrawn status Lost status Source of classification or shelving scheme Damaged status Not for loan Home library Current library Shelving location Date acquired Total Checkouts Full call number Barcode Date last seen Copy number Price effective from Koha item type
    Dewey Decimal Classification     Virtual Virtual Online 02/02/2009   ONLINE PUBLICATION 146541-2001 06/08/2019 1 06/08/2019 Book